[Event "Grand Swiss - Femmes"]
[Date "2025.09.06"]
[White "Assaubayeva, Bibisara"]
[Black "Fataliyeva, Ulviyya"]
[WhiteElo "2505"]
[BlackElo "2385"]
[Round "3.3.2"]
[Result "1/2-1/2"]

1. e4 {[%clk 01:30:58]} c5 {[%clk 01:30:42] [%emt 00:00:18]} 2. Nf3 {[%clk
01:31:22] [%emt 00:00:07]} e6 {[%clk 01:31:08] [%emt 00:00:04]} 3. d4 {[%clk
01:31:46] [%emt 00:00:07]} cxd4 {[%clk 01:31:33] [%emt 00:00:05]} 4. Nxd4 {[%clk
01:32:12] [%emt 00:00:04]} Nf6 {[%clk 01:31:58] [%emt 00:00:05]} 5. Nc3 {[%clk
01:32:26] [%emt 00:00:16]} Nc6 {[%clk 01:32:23] [%emt 00:00:04]} 6. Be2 {[%clk
01:32:45] [%emt 00:00:12]} Bb4 {[%clk 01:32:37] [%emt 00:00:15]} 7. O-O {[%clk
01:31:34] [%emt 00:01:41]} Bxc3 {[%clk 01:32:40] [%emt 00:00:27]} 8. bxc3 {[%clk
01:31:58] [%emt 00:00:07]} Nxe4 {[%clk 01:32:55] [%emt 00:00:14]} 9. Nxc6 {[%clk
01:31:44] [%emt 00:00:45]} dxc6 {[%clk 01:33:07] [%emt 00:00:17]} 10. Bd3 {[%clk
01:32:09] [%emt 00:00:04]} Nc5 {[%clk 01:33:31] [%emt 00:00:05]} 11. Qg4 {[%clk
01:32:24] [%emt 00:00:16]} Qf6 {[%clk 01:33:46] [%emt 00:00:14]} 12. Bg5 {[%clk
01:32:13] [%emt 00:00:43]} Qxc3 {[%clk 01:33:53] [%emt 00:00:23]} 13. Qg3 {[%clk
01:32:37] [%emt 00:00:06]} h6 {[%clk 01:33:25] [%emt 00:00:58]} 14. Bf4 {[%clk
01:32:27] [%emt 00:00:41]} Nxd3 {[%clk 01:33:43] [%emt 00:00:11]} 15. cxd3
{[%clk 01:32:48] [%emt 00:00:09]} Qf6 {[%clk 01:34:09] [%emt 00:00:04]} 16. Be5
{[%clk 01:32:49] [%emt 00:00:30]} Qg5 {[%clk 01:34:34] [%emt 00:00:04]} 17. Bxg7
{[%clk 01:32:24] [%emt 00:00:55]} Rg8 {[%clk 01:33:10] [%emt 00:01:54]} 18. Bxh6
{[%clk 01:30:59] [%emt 00:01:55]} Qxg3 {[%clk 01:33:11] [%emt 00:00:29]} 19.
fxg3 {[%clk 01:31:21] [%emt 00:00:08]} b6 {[%clk 01:33:38] [%emt 00:00:03]} 20.
Rf3 {[%clk 01:27:21] [%emt 00:04:30]} c5 {[%clk 01:14:56] [%emt 00:19:12]} 21.
Raf1 {[%clk 01:20:12] [%emt 00:07:40]} f5 {[%clk 01:13:22] [%emt 00:02:02]} 22.
h4 {[%clk 01:16:19] [%emt 00:04:24]} Rg4 {[%clk 01:07:14] [%emt 00:06:38]} 23.
Bf4 {[%clk 01:11:38] [%emt 00:05:11]} Bb7 {[%clk 01:05:37] [%emt 00:02:06]} 24.
Re3 {[%clk 01:11:13] [%emt 00:00:56]} Bd5 {[%clk 01:03:12] [%emt 00:02:55]} 25.
a3 {[%clk 01:06:20] [%emt 00:05:44]} Kf7 26. h5 {[%clk 01:05:47] [%emt
00:14:03]} Rh8 27. h6 {[%clk 00:54:55] [%emt 00:01:10]} Rg6 28. Kf2 {[%emt
00:19:06]} Kg8 {[%emt 00:00:39]} 29. Re5 {[%clk 00:48:03] [%emt 00:07:11]} Rh7
{[%emt 00:05:28]} 30. Rb1 {[%clk 00:32:32] [%emt 00:01:27]} Rb7 31. a4 {[%emt
00:17:01]} Kh7 {[%emt 00:01:41]} 32. Re2 {[%emt 00:01:44]} Rg8 {[%emt 00:10:40]}
33. Reb2 {[%emt 00:04:02]} Rc8 {[%emt 00:06:38]} 34. a5 {[%clk 00:18:44] [%emt
00:00:15]} Rc6 {[%clk 00:25:59] [%emt 00:02:53]} 35. g4 {[%clk 00:09:49] [%emt
00:09:25]} fxg4 {[%clk 00:16:41] [%emt 00:09:48]} 36. Kg3 {[%clk 00:10:10] [%emt
00:00:09]} e5 {[%clk 00:16:51] [%emt 00:00:20]} 37. Bxe5 {[%clk 00:10:30] [%emt
00:00:11]} Rxh6 {[%clk 00:16:54] [%emt 00:00:26]} 38. axb6 {[%clk 00:09:21]
[%emt 00:01:40]} axb6 {[%clk 00:16:33] [%emt 00:00:51]} 39. Rb5 {[%clk 00:03:54]
[%emt 00:05:56]} Re6 {[%clk 00:11:48] [%emt 00:05:14]} 40. Bf4 {[%clk 00:03:38]
[%emt 00:00:48]} Kg8 {[%clk 00:07:15] [%emt 00:05:03]} 41. R1b2 {[%clk 00:01:49]
[%emt 00:02:18]} Kf8 {[%clk 00:03:49] [%emt 00:03:54]} 42. d4 {[%clk 00:29:37]
[%emt 00:02:44]} Bc6 {[%clk 00:29:13] [%emt 00:05:05]} 43. dxc5 {[%clk 00:29:07]
[%emt 00:01:02]} Bxb5 {[%clk 00:28:41] [%emt 00:01:02]} 44. Rxb5 {[%clk
00:29:32] [%emt 00:00:05]} Rc6 {[%clk 00:26:33] [%emt 00:02:38]} 45. cxb6 {[%clk
00:29:24] [%emt 00:00:37]} Rbxb6 {[%clk 00:26:27] [%emt 00:00:36]} 46. Rxb6
{[%clk 00:29:50] [%emt 00:00:05]} Rxb6 {[%clk 00:26:51] [%emt 00:00:05]} 47.
Kxg4 {[%clk 00:30:15] [%emt 00:00:05]} Rg6+ {[%clk 00:27:16] [%emt 00:00:04]}
48. Kf3 {[%clk 00:30:40] [%emt 00:00:07]} Rxg2 {[%clk 00:27:42] [%emt 00:00:04]}
1/2-1/2

[Site "Europe Echecs"]

[Event "Grand Swiss - Femmes"]
[Date "2025.09.06"]
[White "Kosteniuk, Alexandra"]
[Black "Gaal, Zsoka"]
[WhiteElo "2472"]
[BlackElo "2388"]
[Round "3.3.12"]
[Result "1/2-1/2"]

1. e4 {[%clk 01:30:57] [%emt 00:00:02]} e6 {[%clk 01:30:49] [%emt 00:00:11]} 2.
d4 {[%clk 01:31:21] [%emt 00:00:06]} d5 {[%clk 01:31:15] [%emt 00:00:05]} 3. Nc3
{[%clk 01:31:45] [%emt 00:00:06]} Bb4 {[%clk 01:31:39] [%emt 00:00:06]} 4. e5
{[%clk 01:32:00] [%emt 00:00:14]} c5 {[%clk 01:31:57] [%emt 00:00:12]} 5. Bd2
{[%clk 01:32:01] [%emt 00:00:29]} Ne7 {[%clk 01:31:50] [%emt 00:00:37]} 6. a3
{[%clk 01:32:10] [%emt 00:00:21]} Bxc3 {[%clk 01:31:53] [%emt 00:00:27]} 7. Bxc3
{[%clk 01:32:35] [%emt 00:00:05]} b6 {[%clk 01:31:37] [%emt 00:00:47]} 8. Bb5+
{[%clk 01:32:31] [%emt 00:00:34]} Bd7 {[%clk 01:30:08] [%emt 00:01:59]} 9. Bd3
{[%clk 01:32:23] [%emt 00:00:36]} Nbc6 {[%clk 01:27:18] [%emt 00:03:21]} 10. Nf3
{[%clk 01:30:44] [%emt 00:02:09]} Qc7 {[%clk 01:20:56] [%emt 00:06:52]} 11. O-O
{[%clk 01:30:24] [%emt 00:00:50]} cxd4 {[%clk 01:02:20] [%emt 00:19:07]} 12.
Nxd4 {[%clk 01:29:51] [%emt 00:01:04]} Nxd4 {[%clk 01:02:17] [%emt 00:00:31]}
13. Bxd4 {[%clk 01:30:17] [%emt 00:00:05]} Nc6 {[%clk 01:02:40] [%emt 00:00:08]}
14. Qg4 {[%clk 01:29:26] [%emt 00:01:21]} Nxd4 {[%clk 01:01:59] [%emt 00:01:11]}
15. Qxd4 {[%clk 01:29:53] [%emt 00:00:03]} O-O {[%clk 01:00:22] [%emt 00:02:07]}
16. Rae1 {[%clk 01:20:28] [%emt 00:09:55]} a6 {[%clk 00:41:44] [%emt 00:19:08]}
17. a4 {[%clk 00:58:22] [%emt 00:22:36]} b5 {[%clk 00:37:50] [%emt 00:04:24]}
18. Re3 {[%clk 00:56:48] [%emt 00:02:03]} h6 {[%clk 00:27:32] [%emt 00:10:48]}
19. Rg3 {[%clk 00:38:54] [%emt 00:18:24]} bxa4 {[%clk 00:26:15] [%emt 00:01:49]}
20. Re1 {[%clk 00:39:04] [%emt 00:00:19]} Bb5 {[%clk 00:20:12] [%emt 00:06:33]}
21. Qg4 {[%clk 00:36:57] [%emt 00:02:37]} f5 {[%clk 00:20:16] [%emt 00:00:26]}
22. exf6 {[%clk 00:36:51] [%emt 00:00:36]} Rxf6 {[%clk 00:19:57] [%emt
00:00:49]} 23. Rxe6 {[%clk 00:36:42] [%emt 00:00:38]} Raf8 {[%clk 00:17:57]
[%emt 00:02:30]} 24. Rxf6 {[%clk 00:33:29] [%emt 00:03:43]} Rxf6 {[%clk
00:18:22] [%emt 00:00:06]} 25. Bf5 {[%clk 00:29:05] [%emt 00:04:54]} d4 {[%clk
00:15:49] [%emt 00:03:04]} 26. h3 {[%clk 00:23:44] [%emt 00:05:50]} Qf7 {[%clk
00:14:27] [%emt 00:01:50]} 27. Be4 {[%clk 00:22:10] [%emt 00:02:06]} Bd7 {[%clk
00:12:08] [%emt 00:02:49]} 28. Qd1 {[%clk 00:19:50] [%emt 00:02:50]} Bc6 {[%clk
00:10:37] [%emt 00:02:01]} 29. Qxd4 {[%clk 00:13:53] [%emt 00:06:27]} Bxe4
{[%clk 00:10:48] [%emt 00:00:19]} 30. Qxe4 {[%clk 00:14:21] [%emt 00:00:02]}
Rxf2 {[%clk 00:10:06] [%emt 00:01:12]} 31. Qxa4 {[%clk 00:13:54] [%emt
00:00:57]} Re2 {[%clk 00:05:43] [%emt 00:04:52]} 32. Qxa6 {[%clk 00:07:21] [%emt
00:07:04]} Rxc2 {[%clk 00:05:43] [%emt 00:00:30]} 33. Qa8+ {[%clk 00:06:35]
[%emt 00:01:16]} Qf8 {[%clk 00:06:08] [%emt 00:00:05]} 34. Qxf8+ {[%clk
00:06:48] [%emt 00:00:17]} Kxf8 {[%clk 00:06:32] [%emt 00:00:07]} 35. b3 {[%clk
00:07:15] [%emt 00:00:03]} g5 {[%clk 00:03:33] [%emt 00:03:29]} 36. Kf1 {[%clk
00:07:36] [%emt 00:00:09]} Rb2 {[%clk 00:03:07] [%emt 00:00:56]} 37. Ke1 {[%clk
00:07:56] [%emt 00:00:09]} Kf7 {[%clk 00:02:50] [%emt 00:00:46]} 38. Kd1 {[%clk
00:05:59] [%emt 00:02:28]} Ke6 {[%clk 00:03:04] [%emt 00:00:15]} 39. Kc1 {[%clk
00:05:49] [%emt 00:00:41]} Re2 {[%clk 00:02:44] [%emt 00:00:49]} 40. b4 {[%clk
00:05:28] [%emt 00:00:52]} Kd5 {[%clk 00:02:16] [%emt 00:00:58]} 41. Kd1 {[%clk
00:02:09] [%emt 00:03:48]} Rb2 {[%clk 00:25:02] [%emt 00:07:44]} 42. Rg4 {[%clk
00:32:21] [%emt 00:00:18]} Ra2 {[%clk 00:24:30] [%emt 00:01:02]} 43. Ke1 {[%clk
00:30:43] [%emt 00:02:08]} Rb2 {[%clk 00:24:17] [%emt 00:00:43]} 44. Kf1 {[%clk
00:27:39] [%emt 00:03:34]} Ke5 {[%clk 00:24:09] [%emt 00:00:39]} 45. Kg1 {[%clk
00:26:27] [%emt 00:01:42]} Kf5 {[%clk 00:23:27] [%emt 00:01:11]} 46. Rc4 {[%clk
00:24:06] [%emt 00:02:51]} h5 {[%clk 00:20:55] [%emt 00:03:00]} 47. Kh2 {[%clk
00:20:48] [%emt 00:03:51]} h4 {[%clk 00:17:39] [%emt 00:03:46]} 48. Rc5+ {[%clk
00:18:01] [%emt 00:03:17]} Kf4 {[%clk 00:17:25] [%emt 00:00:44]} 49. Rb5 {[%clk
00:16:23] [%emt 00:02:07]} g4 {[%clk 00:16:00] [%emt 00:01:55]} 50. hxg4 {[%clk
00:16:46] [%emt 00:00:08]} Kxg4 {[%clk 00:16:26] [%emt 00:00:04]} 51. Rb8 {[%clk
00:17:06] [%emt 00:00:10]} h3 {[%clk 00:14:51] [%emt 00:02:05]} 52. Rg8+ {[%clk
00:16:53] [%emt 00:00:43]} Kf5 {[%clk 00:14:40] [%emt 00:00:40]} 53. Kxh3 {[%clk
00:15:17] [%emt 00:02:07]} Rxb4 {[%clk 00:15:03] [%emt 00:00:06]} 54. g4+ {[%clk
00:15:39] [%emt 00:00:08]} Kf6 {[%clk 00:15:28] [%emt 00:00:06]} 55. Kh4 {[%clk
00:16:05] [%emt 00:00:04]} Rb1 {[%clk 00:15:12] [%emt 00:00:45]} 56. Ra8 {[%clk
00:16:12] [%emt 00:00:24]} 1/2-1/2

[Site "Europe Echecs"]

[Event "Grand Swiss - Femmes"]
[Date "2025.09.06"]
[White "Omonova, Umida"]
[Black "Ushenina, Anna"]
[WhiteElo "2252"]
[BlackElo "2409"]
[Round "3.3.19"]
[Result "0-1"]

1. e4 {[%clk 01:29:19] [%emt 00:01:40]} c6 {[%clk 01:30:54] [%emt 00:00:07]} 2.
d4 {[%clk 01:27:12] [%emt 00:02:36]} d5 {[%clk 01:31:19] [%emt 00:00:05]} 3.
exd5 {[%clk 01:27:32] [%emt 00:00:11]} cxd5 {[%clk 01:31:45] [%emt 00:00:04]} 4.
c3 {[%clk 01:27:45] [%emt 00:00:16]} Nc6 {[%clk 01:20:12] [%emt 00:12:03]} 5.
Nf3 {[%clk 01:28:00] [%emt 00:00:15]} Qc7 {[%clk 01:12:33] [%emt 00:08:10]} 6.
Bd3 {[%emt 00:05:18]} Bg4 {[%clk 01:11:38] [%emt 00:00:44]} 7. Be3 {[%clk
01:20:07] [%emt 00:04:16]} e6 {[%clk 01:10:11] [%emt 00:01:58]} 8. Nbd2 {[%clk
01:20:07] [%emt 00:00:30]} Bd6 {[%clk 01:10:22] [%emt 00:00:18]} 9. Qa4 {[%clk
01:16:49] [%emt 00:03:48]} Nge7 {[%clk 01:09:34] [%emt 00:01:18]} 10. Ne5 {[%clk
01:03:03] [%emt 00:14:17]} Bf5 {[%clk 00:59:12] [%emt 00:10:52]} 11. g4 {[%clk
00:56:27] [%emt 00:07:06]} Bxd3 {[%clk 00:57:10] [%emt 00:02:32]} 12. Nxd3
{[%clk 00:54:18] [%emt 00:02:38]} h5 {[%clk 00:42:31] [%emt 00:15:09]} 13. Qd1
{[%clk 00:46:40] [%emt 00:08:09]} hxg4 {[%clk 00:30:52] [%emt 00:12:08]} 14.
Qxg4 {[%clk 00:46:39] [%emt 00:00:31]} Rh7 {[%clk 00:31:03] [%emt 00:00:20]} 15.
Nf3 {[%clk 00:42:53] [%emt 00:04:15]} Nf5 {[%clk 00:31:14] [%emt 00:00:19]} 16.
O-O-O {[%clk 00:39:22] [%emt 00:04:01]} O-O-O {[%clk 00:31:29] [%emt 00:00:16]}
17. Kb1 {[%clk 00:38:30] [%emt 00:01:22]} Kb8 {[%clk 00:28:37] [%emt 00:03:21]}
18. Rc1 {[%clk 00:34:40] [%emt 00:04:20]} Na5 {[%clk 00:15:20] [%emt 00:13:48]}
19. b3 {[%clk 00:33:44] [%emt 00:01:26]} Rc8 {[%clk 00:15:19] [%emt 00:00:30]}
20. Rc2 {[%clk 00:30:21] [%emt 00:03:53]} Ka8 {[%clk 00:15:34] [%emt 00:00:15]}
21. h4 {[%clk 00:29:07] [%emt 00:01:44]} Rch8 {[%clk 00:14:27] [%emt 00:01:37]}
22. c4 {[%clk 00:25:39] [%emt 00:03:59]} dxc4 {[%clk 00:13:05] [%emt 00:01:51]}
23. Nb2 {[%clk 00:24:54] [%emt 00:01:15]} c3 {[%clk 00:06:07] [%emt 00:07:28]}
24. Na4 {[%clk 00:23:16] [%emt 00:02:08]} Bb4 {[%clk 00:02:07] [%emt 00:04:29]}
25. Rhc1 {[%clk 00:18:05] [%emt 00:05:41]} Nc6 {[%clk 00:01:42] [%emt 00:00:56]}
26. Nxc3 {[%clk 00:17:50] [%emt 00:00:45]} Bxc3 {[%clk 00:01:09] [%emt
00:01:03]} 27. Rxc3 {[%clk 00:18:18] [%emt 00:00:02]} f6 {[%clk 00:01:20] [%emt
00:00:19]} 28. Qe4 {[%clk 00:16:32] [%emt 00:02:16]} Qd7 {[%clk 00:00:53] [%emt
00:00:58]} 29. Rc5 {[%clk 00:14:14] [%emt 00:02:48]} Nd6 {[%clk 00:01:05] [%emt
00:00:18]} 30. Qf4 {[%clk 00:13:50] [%emt 00:00:54]} Rh5 {[%clk 00:01:17] [%emt
00:00:18]} 31. d5 {[%clk 00:09:29] [%emt 00:04:51]} Rxd5 {[%clk 00:01:42] [%emt
00:00:05]} 32. Qa4 {[%clk 00:09:45] [%emt 00:00:14]} Nf5 {[%clk 00:01:19] [%emt
00:00:53]} 33. Rxd5 {[%clk 00:09:19] [%emt 00:00:55]} Qxd5 {[%clk 00:01:07]
[%emt 00:00:42]} 34. Bb6 {[%clk 00:04:57] [%emt 00:04:52]} a6 {[%clk 00:01:01]
[%emt 00:00:37]} 35. Qf4 {[%clk 00:04:45] [%emt 00:00:42]} Qb5 {[%clk 00:00:46]
[%emt 00:00:44]} 36. Bc5 {[%clk 00:04:28] [%emt 00:00:47]} Rd8 {[%clk 00:00:57]
[%emt 00:00:20]} 37. Rc4 {[%clk 00:04:20] [%emt 00:00:38]} Rd5 {[%clk 00:00:53]
[%emt 00:00:33]} 38. Bf8 {[%clk 00:03:44] [%emt 00:01:07]} Qb6 {[%clk 00:01:02]
[%emt 00:00:20]} 39. Qc1 {[%clk 00:03:00] [%emt 00:01:15]} Qd8 {[%emt 00:03:10]}
40. Rxc6 {[%clk 00:00:50] [%emt 00:00:09]} Rd1 {[%clk 00:00:39] [%emt 00:00:43]}
41. Rc8+ {[%clk 00:01:07] [%emt 00:00:13]} Qxc8 {[%clk 00:01:05] [%emt
00:00:04]} 42. Qxd1 {[%clk 00:01:33] [%emt 00:00:04]} Qxf8 {[%clk 00:01:33]
[%emt 00:00:02]} 43. Qd7 {[%clk 00:28:22] [%emt 00:03:41]} Qe7 {[%clk 00:25:05]
[%emt 00:06:58]} 44. Qc8+ {[%clk 00:27:11] [%emt 00:01:41]} Ka7 {[%clk 00:25:34]
[%emt 00:00:01]} 45. h5 {[%clk 00:21:23] [%emt 00:06:18]} Qd6 {[%clk 00:25:14]
[%emt 00:00:51]} 46. Kb2 {[%emt 00:02:35]} Qd5 {[%clk 00:24:02] [%emt 00:00:07]}
47. Qc3 {[%clk 00:20:14] [%emt 00:01:09]} Kb8 {[%clk 00:22:47] [%emt 00:01:45]}
48. a4 {[%clk 00:20:38] [%emt 00:00:07]} Qd1 {[%clk 00:21:40] [%emt 00:01:36]}
49. Ka3 {[%clk 00:19:38] [%emt 00:01:31]} Qe2 {[%clk 00:21:29] [%emt 00:00:41]}
50. Nd2 {[%clk 00:18:52] [%emt 00:01:17]} Qxh5 {[%clk 00:21:05] [%emt 00:00:52]}
51. Nc4 {[%clk 00:17:46] [%emt 00:01:37]} Qe8 {[%clk 00:20:20] [%emt 00:01:15]}
52. a5 {[%emt 00:00:54]} Qc6 {[%clk 00:20:20] [%emt 00:00:04]} 53. Qb4 {[%clk
00:18:11] [%emt 00:00:07]} Kc7 {[%clk 00:17:20] [%emt 00:03:30]} 54. Qf8 {[%clk
00:17:55] [%emt 00:00:46]} Qd7 {[%clk 00:17:37] [%emt 00:00:13]} 55. Ka2 {[%clk
00:17:57] [%emt 00:00:28]} Qe7 {[%clk 00:16:26] [%emt 00:01:40]} 56. Qg8 {[%clk
00:17:24] [%emt 00:00:58]} Nd6 {[%clk 00:11:53] [%emt 00:05:09]} 57. Nb6 {[%clk
00:17:35] [%emt 00:00:18]} Ne8 {[%clk 00:11:52] [%emt 00:00:31]} 58. Qh7 {[%clk
00:17:35] [%emt 00:00:30]} Qc5 {[%clk 00:11:34] [%emt 00:00:49]} 59. b4 {[%clk
00:15:54] [%emt 00:02:11]} Qxf2+ {[%clk 00:10:39] [%emt 00:01:25]} 60. Ka3
{[%clk 00:16:19] [%emt 00:00:05]} Qf3+ {[%clk 00:10:22] [%emt 00:00:47]} 61. Ka2
{[%clk 00:16:35] [%emt 00:00:14]} Qg2+ {[%clk 00:10:12] [%emt 00:00:40]} 62. Kb3
{[%clk 00:16:46] [%emt 00:00:20]} Nd6 {[%clk 00:05:32] [%emt 00:05:10]} 63. Qg8
{[%clk 00:16:43] [%emt 00:00:32]} Qf3+ {[%emt 00:01:00]} 64. Kb2 {[%clk
00:16:46] [%emt 00:00:15]} Qe2+ {[%clk 00:05:26] [%emt 00:00:19]} 65. Kb3 {[%emt
00:00:17]} Qd3+ {[%clk 00:05:31] [%emt 00:00:13]} 66. Kb2 {[%clk 00:17:28] [%emt
00:00:12]} Nc4+ {[%clk 00:05:11] [%emt 00:00:50]} 67. Nxc4 {[%clk 00:17:54]
[%emt 00:00:04]} Qxc4 {[%clk 00:05:38] [%emt 00:00:04]} 68. Qxg7+ {[%clk
00:18:20] [%emt 00:00:04]} Kc6 {[%clk 00:05:27] [%emt 00:00:41]} 69. Ka3 {[%clk
00:18:11] [%emt 00:00:39]} Qc3+ {[%clk 00:05:09] [%emt 00:00:48]} 70. Ka4 {[%clk
00:18:36] [%emt 00:00:05]} Qc2+ {[%clk 00:03:01] [%emt 00:02:37]} 71. Ka3 {[%clk
00:19:01] [%emt 00:00:05]} Qd3+ {[%clk 00:03:00] [%emt 00:00:30]} 72. Kb2 {[%clk
00:19:23] [%emt 00:00:08]} f5 {[%clk 00:02:24] [%emt 00:01:08]} 73. Qf8 {[%clk
00:19:31] [%emt 00:00:22]} Kd5 {[%clk 00:01:33] [%emt 00:01:21]} 74. Qc5+ {[%clk
00:19:25] [%emt 00:00:35]} Ke4 {[%clk 00:02:01] [%emt 00:00:02]} 75. Qc7 {[%clk
00:19:47] [%emt 00:00:08]} Qd2+ {[%clk 00:02:14] [%emt 00:00:17]} 76. Ka3 {[%clk
00:20:12] [%emt 00:00:05]} Qd5 {[%clk 00:02:35] [%emt 00:00:10]} 77. Qh2 {[%emt
00:00:55]} f4 {[%clk 00:02:17] [%emt 00:00:08]} 78. Qe2+ {[%clk 00:20:51] [%emt
00:00:05]} Kf5 {[%clk 00:02:05] [%emt 00:00:44]} 79. Qh5+ {[%clk 00:21:16] [%emt
00:00:04]} Kf6 {[%clk 00:02:21] [%emt 00:00:14]} 80. Qh6+ {[%clk 00:21:41] [%emt
00:00:05]} Ke5 {[%clk 00:02:42] [%emt 00:00:09]} 81. Qh5+ {[%clk 00:21:57] [%emt
00:00:14]} Kd4 {[%clk 00:02:40] [%emt 00:00:32]} 82. Qd1+ {[%clk 00:22:20] [%emt
00:00:07]} Ke3 {[%clk 00:02:31] [%emt 00:00:40]} 83. Qe1 {[%clk 00:22:44] [%emt
00:00:05]} Kf3 {[%clk 00:02:49] [%emt 00:00:12]} 84. Qf1 {[%clk 00:23:03] [%emt
00:00:11]} Kg3 {[%clk 00:03:15] [%emt 00:00:05]} 85. Qe1 {[%emt 00:00:17]} Kh3
{[%clk 00:03:01] [%emt 00:00:32]} 86. Qf1 {[%clk 00:23:50] [%emt 00:00:07]} Qg2
{[%clk 00:03:25] [%emt 00:00:07]} 87. Qc4 {[%clk 00:24:16] [%emt 00:00:05]} Qf3+
{[%clk 00:03:32] [%emt 00:00:23]} 88. Kb2 {[%clk 00:24:41] [%emt 00:00:04]} Qf2+
{[%clk 00:03:45] [%emt 00:00:17]} 89. Ka3 {[%clk 00:25:05] [%emt 00:00:06]} Kh2
{[%clk 00:03:43] [%emt 00:00:31]} 0-1

[Site "Europe Echecs"]